| 000 | 00985nac a22002537a 4500 | ||
|---|---|---|---|
| 001 | BR4400065 | ||
| 003 | BR-BrBNA | ||
| 005 | 20240105112833.0 | ||
| 008 | 230509b bl.|||m| |||| 00| 0 por d | ||
| 040 |
_aBR-BrBNA _bpor _cBiblioteca Nacional de Agricultura |
||
| 072 | _aD50; E15 | ||
| 090 | _aD50 BR4400065 | ||
| 110 | 1 | _aServico de Informacao Agricola, Rio de Janeiro, GB (Brasil) | |
| 245 | 1 | _aLei das cooperativas. Texto do decreto-lei no. 5.893, de 19 de outubro de 1943, que dispoe sobre a organizacao, funcionamento e fiscalizacao das cooperativas, alterado pelo decreto-lei no. 6.274, de 14 de fevereiro de 1944 [Brasil] | |
| 260 | 3 |
_aRio de Janeiro, GB (Brasil): _c1944. |
|
| 300 | _a43 p. | ||
| 490 |
_aSIA (Brazil) _vno. 115 _x |
||
| 500 | _a(*) Documento disponível na(o) INCRA, Brasilia, DF (Brazil) | ||
| 650 | _aMicroeconomia | ||
| 650 | _aLegislacao | ||
| 650 | _aCooperativa | ||
| 909 |
_a202312 _bLúcia Elande _c55 _dLúcia Elande |
||
| 942 |
_2AGRIS _n0 _cMS |
||
| 999 |
_c260536 _d260536 |
||